000 00745cam a22002531 4500
001 sa 63002262
003 DLC
005 20260227111932.0
008 840118s1963 ii b b 000 0 eng
010 _asa 63002262
035 _a(OCoLC)10311484
040 _aDLC
_cMiRochOU
_dMiRochOU
_dDLC
042 _apremarc
043 _aa-ii---
050 0 0 _aDS463
_b.G78
100 1 _aGrover, B. L.
245 1 0 _aStudies in modern Indian history;
_bfrom 1707 to the present day,
_by B.L. Grover [and] R.R. Sethi.
250 _a[1st ed.]
260 _aDelhi,
_bS. Chand,
_c1963.
300 _axiii, 440 p.,
_bmaps
_c23 cm.
504 _aIncludes bibliographical references.
651 0 _aIndia
_xHistory.
700 1 _aSethi, R. R.,
_ejoint author.
999 _c54379
_d54379